Statistics for BlazeandCave's Advancements Pack Quiz

Click here to take the quiz!

General Stats

  • This quiz has been taken 22 times
  • The average score is 98 of 1095

Answer Stats

TabAdvancement Name% Correct
NetherThe End?
65%
BlaceandCave's AdvancementsAdvancement Legend
60%
Super ChallengesHow Did We Get Here?
50%
Super ChallengesStack all the Blocks!
50%
Super ChallengesStack all the Items!
50%
BlaceandCave's AdvancementsTime to Farm!
50%
BlaceandCave's AdvancementsTime to Strike!
50%
MiningEeuuwww!
45%
Super ChallengesStockbroker
45%
BlaceandCave's AdvancementsTime to Chop!
45%
BlaceandCave's AdvancementsTime to Dig!
45%
BlaceandCave's AdvancementsTime to Mine!
45%
Super ChallengesAd Astra
40%
Super ChallengesAll the Blocks!
40%
Super ChallengesAll the Items!
40%
BlaceandCave's AdvancementsAnimal Milestone
40%
MiningDiamond Miner
40%
BlaceandCave's AdvancementsFarming Milestone
40%
BlaceandCave's AdvancementsGetting Wood
40%
Super ChallengesGlobal Vaccination
40%
MiningGold Mine!
40%
The EndGood Luck Getting This One
40%
BlaceandCave's AdvancementsBenchmarking
35%
BlaceandCave's AdvancementsBuilding Milestone
35%
MiningCoal Miner
35%
Super ChallengesEndergeddon
35%
The EndFree the End
35%
Super ChallengesHighway to Hell
35%
MiningIron Miner
35%
MiningMaster Gold Miner
35%
EnchantingMaster Miner
35%
BlaceandCave's AdvancementsMining Milestone
35%
BlaceandCave's AdvancementsMonsters Milestone
35%
BlaceandCave's AdvancementsPotions Milestone
35%
FarmingSerious Dedication
35%
StatisticsTwo By Two
35%
BiomesAdventuring Time
30%
NetherA Terrible Fortress
30%
Super ChallengesBiological Warfare
30%
Super ChallengesCreepergeddon
30%
MiningDiamonds!
30%
Super ChallengesDragon Army
30%
BlaceandCave's AdvancementsEnchanting Milestone
30%
BlaceandCave's AdvancementsEnd Milestone
30%
BuildingInsomniac
30%
EnchantingMaster Axeman
30%
MiningMaster Coal Miner
30%
MiningMaster Diamond Miner
30%
EnchantingMaster Fisher
30%
MiningMaster Iron Miner
30%
NetherNetherite Mad Lad
30%
BlaceandCave's AdvancementsNether Milestone
30%
Super ChallengesPoglin!
30%
BlaceandCave's AdvancementsRedstone Milestone
30%
Super ChallengesRiddle Me This
30%
BlaceandCave's AdvancementsStatistics Milestone
30%
MiningStone Age
30%
BlaceandCave's AdvancementsSuper Challenges Milestone
30%
Super ChallengesZombie Apocalypse
30%
FarmingA Balanced Diet
25%
BlaceandCave's AdvancementsAdventure Milestone
25%
PotionsA Furious Cocktail
25%
BuildingA Good Start
25%
FarmingAn Apple a Day
25%
AnimalsAnimal Kingdom
25%
MiningAww it broke!
25%
BlaceandCave's AdvancementsBiomes Milestone
25%
The EndDragon vs Dragon
25%
BiomesEdge of the Jungle
25%
RedstoneEngineer
25%
Super ChallengesExplorer of Worlds
25%
MiningGetting an Upgrade
25%
BuildingHappy Birthday!
25%
BuildingHarry Potter
25%
Super ChallengesI am Loot!
25%
Super ChallengesImmortal
25%
AdventureJustice
25%
EnchantingMaster Armorer
25%
EnchantingMaster Digger
25%
RedstoneMaster Engineer
25%
MonstersMonster Hunter
25%
MonstersMonsters Hunted
25%
NetherNetherite Miner
25%
FarmingNot today!
25%
MiningOresome!
25%
MiningPixel Perfect
25%
Super ChallengesPotion Master
25%
MiningRedstone Miner
25%
WeaponrySlapfish
25%
MonstersTaste of your own medicine
25%
Super ChallengesThe Devil's Distance
25%
Super ChallengesThe Perfect Run
25%
BlaceandCave's AdvancementsWeaponry Milestone
25%
MiningAcquire Hardware
20%
PotionsA Furious Test Subject
20%
BuildingAh, My Old Enemy...
20%
Super ChallengesA Million Blocks Away
20%
EnchantingArbalistic
20%
FarmingA Seedy Place
20%
AnimalsAxolotl of them
20%
AnimalsBacon!
20%
MiningBlind as a Bat
20%
RedstoneBullseye
20%
MiningCalled Shot
20%
MiningCaves & Cliffs
20%
BiomesCold Feet
20%
MiningCopper Miner
20%
MiningCover Me With Diamonds
20%
MonstersDead Don't Die
20%
MonstersDead Really Don't Die
20%
MiningDeep Slate Nine
20%
WeaponryDemolitions Expert
20%
MiningDiamond Clad
20%
Super ChallengesFarlander
20%
FarmingFull Stomach
20%
PotionsGas!
20%
MiningGold Rush
20%
StatisticsHappy New Year!
20%
AdventureHero of the Village
20%
MonstersHouse of Freaks
20%
Super ChallengesI'm in Space!
20%
MiningIron Man
20%
AnimalsIs it a Bird?
20%
The EndIs it a Plane?
20%
MiningLapis Lazuli Miner
20%
NetherLet Me Out!
20%
BuildingLet There Be Light!
20%
MiningLiving Like Kings
20%
MiningMaster Copper Miner
20%
EnchantingMaster Farmer
20%
EnchantingMaster Knight
20%
NetherMaster Netherite Miner
20%
MiningMr. Bean
20%
Super ChallengesNuclear Fusion
20%
StatisticsPassing the Time
20%
BuildingProfessor Birch
20%
BuildingProfessor Oak
20%
NetherReturn to Sender
20%
Super ChallengesRise of the Skeletons
20%
BuildingSkyblock
20%
MiningSmokin' Hot
20%
NetherSpooky Scary Skeleton
20%
StatisticsSTONKS!
20%
WeaponryTake Aim
20%
The EndThe Actual End
20%
The EndThe City at the End of the Game
20%
StatisticsThe First Night
20%
FarmingThe Lie
20%
MiningThe Statue of Liberty
20%
RedstoneUnder Pressure
20%
Super ChallengesWarlock
20%
MiningWe Need to Go Deeper
20%
NetherWithering Heights
20%
Statistics65 hours of walking
15%
AdventureA Complete Catalogue
15%
FarmingA Gluttonous Diet
15%
NetherA Knight to Nether Forget
15%
StatisticsAncient Kung Fu Master
15%
The EndA Wizard's Breakfast
15%
MonstersAww man
15%
FarmingBapple!
15%
NetherBeaconator
15%
AdventureBeethoven
15%
BuildingBlast it!
15%
MonstersBlast Shield
15%
MiningBling Bling Gone
15%
WeaponryBombs Away!
15%
BuildingBricks!
15%
BiomesCaptain America
15%
BuildingCherry Bomb
15%
RedstoneClick!
15%
BuildingConcrete Evidence
15%
Super ChallengesConstellation
15%
AnimalsCool Kids
15%
MiningCoppers and Robbers
15%
AnimalsCow Tipper
15%
NetherCultural Misunderstandings
15%
StatisticsCupid
15%
BuildingCut In Half
15%
Super ChallengesDeath From All
15%
MiningDiamonds to you!
15%
WeaponryDiemonds!
15%
FarmingDie, Potato!
15%
Super ChallengesDragon vs Dragon II
15%
MonstersDungeon Crawler
15%
MiningEchonomy
15%
NetherEt tu, Brute?
15%
The EndEvent Horizon
15%
BiomesEverybody Loves Ice!
15%
BuildingExpensive!
15%
NetherEye Spy
15%
BuildingFake monument
15%
BiomesFor you, my sweet
15%
MiningFossil Fuel
15%
StatisticsGiga XP Grinder
15%
AnimalsGoat Simulator
15%
MiningGold Miner
15%
FarmingHay there!
15%
Super ChallengesHearts of the Stack
15%
AnimalsHeavy Duty Caravan
15%
BiomesHigh Feet
15%
AnimalsHoney, I'm Home!
15%
MiningHot Stuff
15%
MiningHot Topic
15%
NetherHot Tourist Destination
15%
MiningIce Bucket Challenge
15%
MonstersImpossible...
15%
NetherIs it a Balloon?
15%
MiningIsn't It Iron Pick
15%
BuildingIt's original form
15%
MiningIt spreads!
15%
WeaponryLoser!
15%
StatisticsMarathon
15%
EnchantingMaster Arbalist
15%
EnchantingMaster Enchanter
15%
BuildingMaster Logger
15%
WeaponryMaster Shieldsman
15%
EnchantingMaster Sniper
15%
MiningMOAR Tools
15%
WeaponryMulticlassed
15%
FarmingMust be your birthday
15%
MiningNananananananana...
15%
EnchantingNewton's Flaming Laser Sword
15%
MonstersNot Afraid of Heights
15%
MiningNot Chicken McNuggets?
15%
MonstersNow that's a lot of damage
15%
RedstoneObserver Buddy
15%
NetherOh, Shiny!
15%
RedstoneOn A Rail
15%
The EndOrganizational Wizard
15%
StatisticsOverlevelling
15%
AnimalsOverpopulation
15%
MonstersPaleontologist
15%
BiomesPandamonium
15%
BuildingProfessor Dark Oak
15%
AdventureRaidin' Master
15%
AnimalsRepopulation
15%
The EndRing of the End
15%
The EndRocketman
15%
RedstoneSculker Box
15%
MiningSeeing Red
15%
AnimalsSilence of the Lambs
15%
MiningSly Copper: The Copper Heist
15%
BuildingSmooth, dude!
15%
StatisticsSneaky Snitch
15%
WeaponrySniper Duel
15%
MiningStabcraft
15%
BuildingStairs? NOOOOO!
15%
MonstersStealth is Optional
15%
AnimalsSticky Situation
15%
MiningSuit Up
15%
BuildingSweet Dreams
15%
Super ChallengesTelescopic
15%
The EndThe End... Again
15%
StatisticsThe Haggler
15%
BuildingThe Jungler
15%
MiningThe Mistake!
15%
WeaponryThere it goes…
15%
BiomesThe sea calls you...
15%
The EndThe Void Frogs
15%
Super ChallengesThe World Is Ending
15%
NetherThose Were The Days
15%
BiomesTitanic
15%
BuildingTorched!
15%
AnimalsTotally not an AFK fisher!
15%
RedstoneTravelling Bard
15%
FarmingUltra Hardcore
15%
AdventureUndying Fandom
15%
The EndUnending Hell
15%
FarmingVegetarian
15%
WeaponryViking
15%
MonstersWarden Frostbite
15%
MiningWe've broken our last shovel
15%
BuildingWhat a pane
15%
WeaponryWho's the Pillager Now?
15%
MonstersWitch!
15%
NetherWub wub wub
15%
StatisticsXP Grinder
15%
PotionsYou Need a Mint
15%
StatisticsYour legs must be tired
15%
Mining9 to 5
10%
Super ChallengesAbyss Lord
10%
RedstoneAll Aboard!
10%
MiningAmethyst Miner
10%
NetherA Piglin's Best Friend
10%
NetherAstrobrute
10%
WeaponryA Throwaway Joke
10%
AdventureAwards Ceremony
10%
MonstersA Watery Grave
10%
WeaponryAxeman
10%
FarmingBake Bread
10%
BuildingBamboozled
10%
BuildingBarking mad
10%
EnchantingBaron of Blacksmiths
10%
BuildingBarrel Rider
10%
AnimalsBattle of the Bands
10%
AnimalsBilly the Kid
10%
AnimalsBlackberry Market
10%
RedstoneBling Plate
10%
BiomesBoatception
10%
BiomesBoaty McBoatface
10%
MonstersBoned
10%
MiningBonfire Night
10%
MiningBottom to Top
10%
NetherBring Down The Beast
10%
MiningBulldozer
10%
BiomesCargo Carrier
10%
BuildingChange of Sheets
10%
MiningChestful of Cobblestone
10%
BuildingClassic Pocket Edition Block
10%
RedstoneComparing Comparator
10%
AnimalsCowboy
10%
The EndCow Jumped Over The Moon
10%
MonstersCreeper Killer
10%
MonstersCustom Boss Fight!
10%
MiningDIAM- oh wait no
10%
NetherDiamonds Are Not Forever
10%
AnimalsDirect Fishing
10%
AdventureDisc Jockey
10%
BiomesDive Bomb
10%
NetherDon't Blink
10%
The EndDragon Shield
10%
Super ChallengesDragon vs Wither: Pre-Sequel
10%
MiningDripstone Drop
10%
BiomesEcholocation
10%
FarmingEcologist
10%
WeaponryEgging, Dude!
10%
NetherElectrifying Alliance
10%
MiningEmerald Miner
10%
MiningEnchanter
10%
MonstersEnderman Destroyer
10%
MonstersEnder Worm
10%
BuildingEn Garde
10%
MiningEven MOAR tools
10%
WeaponryExpelliarmus!
10%
BuildingFake stronghold
10%
MiningFallen Kingdom
10%
AnimalsFeeding the Ducks Chickens
10%
AnimalsFeeling Sheepish
10%
NetherFeels Like Home
10%
AdventureFilthy Rich
10%
AnimalsFishy Business
10%
NetherFool Me Twice
10%
The EndFor Mother, Clarence
10%
AnimalsFractal
10%
StatisticsFrequent Flyer
10%
BuildingFruit of the Looms
10%
MiningGalileo Figaro
10%
PotionsGas Bomb
10%
AdventureGenesis of the End
10%
NetherGilded Miner
10%
BuildingGlowing!
10%
EnchantingGotta Go Fast!
10%
BuildingGrass Type
10%
The EndGreat View From Up Here
10%
WeaponryHalf Heart Life
10%
MonstersHandsome Jack
10%
AnimalsHave a Shearful Day
10%
EnchantingHeavy Metal
10%
MonstersHell Hunter
10%
AdventureHey! You two should kiss!
10%
AnimalsHigh Steaks
10%
NetherHigh Temperature Fluid Monster
10%
NetherHoly Scrap!
10%
FarmingHot Chocolate
10%
AdventureHouse of Psychos
10%
AnimalsHumble Bundle
10%
NetherHung, Drawn and Bartered
10%
MiningIconic Merchandising Prop
10%
BuildingI don't like sand
10%
EnchantingI'll be back
10%
WeaponryIndiana Jones
10%
NetherInto Fire
10%
The EndIn Your Face, Neil Armstrong
10%
BuildingIt's a Sign
10%
BuildingIt's a Trap!
10%
BiomesJust a sample
10%
AnimalsJust Keeps Going
10%
StatisticsLevel Up
10%
RedstoneLeveraging Synergy
10%
EnchantingLike a Cat
10%
NetherLocal Brewery
10%
MiningLush Hour
10%
PotionsMad Scientist
10%
AnimalsMaster Farrier
10%
EnchantingMaster Tridenteer
10%
PotionsMedic!
10%
MiningMeet the Flintstones
10%
MonstersMiracle Drink
10%
MiningMOAR Broken Tools
10%
NetherMOAR Upgraded Tools
10%
RedstoneMonstrous Sacrifices
10%
AnimalsMooshroom Kingdom
10%
StatisticsMore For Me
10%
MiningMoss Maker
10%
RedstoneMoving Parts
10%
RedstoneMoving Storage
10%
RedstoneMozart
10%
MiningMy work here is done
10%
AdventureNerds Never Die
10%
NetherNether Say Die
10%
AnimalsNOT THE BEES!
10%
NetherNugget in a Biscuit
10%
FarmingOlaf
10%
BiomesOvergrown!
10%
AdventureOverpowered
10%
BuildingPane in the Glass
10%
AdventurePicador
10%
WeaponryPig Fishing Tournament
10%
MonstersPlane Walker
10%
PotionsPoison Dart
10%
AdventurePostmortal
10%
AdventurePottery Exhibition
10%
RedstonePowerful Light
10%
MonstersPupil Poppers
10%
BiomesPushed Around
10%
BiomesQinling
10%
AnimalsRainbow Collection
10%
MiningRenewable Energy
10%
RedstoneRepeating Repeater
10%
WeaponryRevenge!
10%
MiningRock Bottom
10%
WeaponryRock, Paper, Shears!
10%
MiningShriek Forever After
10%
FarmingShrooms
10%
MonstersSkeleton Smiter
10%
The EndSky's the Limit
10%
BuildingSlabs For Days
10%
BiomesSmooth Operator
10%
BiomesSo Long & Thanks For The Fish
10%
BuildingSpawn Camping
10%
MonstersSpider Smasher
10%
WeaponrySpleaf
10%
NetherSpreading Corruption
10%
BuildingSpruce Lee
10%
AdventureStacked Smither
10%
MiningSteals on Wheels
10%
NetherStem Research
10%
RedstoneSticky Parts
10%
MiningStrike a Light
10%
BuildingStripper
10%
MiningSurge Protector
10%
RedstoneTake Notes
10%
MiningThat's the point!
10%
The EndThe Beginning
10%
AdventureThe Deep End
10%
NetherThe Descent
10%
NetherThe Hunt Begins
10%
RedstoneThe Incredible Sculk
10%
The EndThe Point of No Return
10%
MonstersThere has to be another way...
10%
AdventureThe Sound of Music
10%
MonstersThe Undead Cavalry
10%
MiningThis is Mine Now!
10%
EnchantingThis name sounds cooler
10%
AnimalsTotal Beelocation
10%
MonstersTrampoline
10%
MiningTuff Stuff
10%
MonstersTwo Birds, One Arrow
10%
AdventureVeteran of the Village
10%
RedstoneVibe Check
10%
MonstersVoid Ender
10%
The EndVoid Walker
10%
NetherWar Pigs
10%
MiningWax Off
10%
MiningWax On
10%
BiomesWe're Going on a Bear Hunt
10%
Super ChallengesWe're in the endgame now
10%
MonstersWhat a creep!
10%
AdventureWhat a Deal!
10%
The EndWhat For?
10%
FarmingWhat's new with composting?
10%
AdventureWhat's Up, Doc?
10%
MiningWhere are all your clothes?
10%
AnimalsWHERE'S THE HONEY LEBOWSKI
10%
NetherWhole Hog
10%
AdventureWorkaholic
10%
BiomesX Marks the Spot
10%
BuildingYour Door Was Locked
10%
PotionsZombie Doctor
10%
Farming24 Carrot Gold
5%
AdventureA Chiptune Relic
5%
BuildingAgent Smithing Table
5%
AdventureAllayance
5%
BuildingA Masterpiece!
5%
PotionsA much more doable challenge
5%
NetherAncient Restoration
5%
AnimalsAquarium
5%
EnchantingA rather pointy fence post
5%
BuildingArmor Display
5%
NetherA Soul For A Soul
5%
BiomesAtlantis?
5%
AnimalsAxeolotl
5%
AnimalsAxolittle
5%
MonstersBaby, baby, baby nooo!
5%
WeaponryBackfire
5%
BiomesBamboom!
5%
EnchantingBane of one-shotting spiders
5%
MonstersBecause I'm Aquaman!
5%
AnimalsBeeloons!
5%
AdventureBirthday Song
5%
StatisticsBlack Belt Ninja
5%
BuildingBlackstonehenge
5%
NetherBlaze Extinguisher
5%
NetherBobbleheads
5%
MonstersBone-to-party
5%
EnchantingBow down to me!
5%
WeaponryBow Spammer
5%
AdventureBrushed Away
5%
NetherBrute Force
5%
BuildingBuilt on Sand, Set in Stone
5%
AnimalsBukkit bukkit
5%
AdventureBusinessman
5%
AdventureBuy Low, Sell High
5%
RedstoneCalibration Sensation
5%
BuildingCamping Out
5%
AnimalsCaprymphony
5%
MonstersCaptain Etho
5%
FarmingCare for the environment
5%
AdventureCareful Restoration
5%
RedstoneCataclyst
5%
AnimalsCatching Nemo
5%
BuildingCerulean!
5%
AdventureChromatic Armory
5%
BuildingClassy Glassy
5%
BuildingClay-Dough!
5%
FarmingCombine Harvester
5%
EnchantingComplete Enchanter
5%
NetherCountry Lode, Take Me Home
5%
AdventureCrafting a New Look
5%
AdventureCrazy Cat Lady
5%
BuildingCrazy Walls
5%
BuildingCreepers and Withers
5%
NetherDark Ages
5%
AdventureDeal's off!
5%
PotionsDeath By Magic
5%
MiningDeath Pointer
5%
AnimalsDelicious Fish
5%
MonstersDesert Nomad
5%
RedstoneDispense With This
5%
EnchantingDo A Barrel Roll
5%
The EndDogfight
5%
MiningDon't Come a Copper!
5%
MiningDungeons and Spawners
5%
StatisticsElderly Enchanter
5%
BuildingElectric!
5%
BuildingElmer Mudd
5%
BiomesEnchanted Forest
5%
The EndEnd Bricks!
5%
NetherEnder's Chest
5%
MonstersEw Ew Ew
5%
The EndExtrabiologist
5%
BuildingFake fortress
5%
MonstersFamily Reunion
5%
AdventureFeeling Ill
5%
EnchantingFiery
5%
AdventureFilthy Stinkin' Rich
5%
WeaponryFireworks Display
5%
AnimalsFlashy Items
5%
MiningFlint Miner
5%
BiomesFlipper
5%
WeaponryFlying Colors
5%
StatisticsFood, Glorious Food!
5%
AnimalsFoxy Thievery
5%
MonstersFreezing
5%
MiningFrigid Diversions
5%
NetherFrom Whence It Came!
5%
PotionsFurious Ammunition
5%
AnimalsFuzzy Feet
5%
MonstersGelatinous Cube
5%
NetherGhast Slayer
5%
NetherGiant Floating Jellyfish
5%
NetherGiddy Up!
5%
NetherGilty!
5%
StatisticsGlobal Railway Network
5%
EnchantingGod of Thunder
5%
AdventureGrave Robber
5%
BuildingGreek Art Decor
5%
BuildingHalloween!
5%
AdventureHappy Trails!
5%
MiningHeart of Darkness
5%
BuildingHelp! I've been framed!
5%
AnimalsHey, look, Mom!
5%
AdventureHired Help
5%
PotionsHopping Mad
5%
NetherHot Spring
5%
BuildingHot Tub
5%
PotionsHyper-healing
5%
NetherI am Root
5%
StatisticsI enjoy long walks and playing Minecraft
5%
MiningIggy
5%
AdventureI hereby dub thee...
5%
AdventureI just want to make toast!
5%
StatisticsI <3 Chests
5%
The EndI'm Coming Back, Murph!
5%
NetherI'm in Lava With You
5%
AdventureI'm not lost anymore!
5%
BuildingIncandescent!
5%
NetherInception
5%
WeaponryInspector Gadget
5%
NetherInstant Mining
5%
MonstersIron Belly
5%
MonstersIskallium Collector
5%
FarmingIt's a cactus!
5%
FarmingIt's full of ink
5%
AnimalsIt's High Noon
5%
WeaponryIt's time consuming
5%
AdventureI've got a bad feeling about this
5%
BuildingJailhouse Block
5%
StatisticsJumping Jacks
5%
MonstersKeep your distance
5%
StatisticsKill or be Killed
5%
BiomesKilometre Walk
5%
WeaponryKing of the Sea
5%
EnchantingKnocking your socks off
5%
AdventureKnowledge is Power
5%
BuildingLadder Climbers Inc.
5%
AdventureLaser Sharks
5%
AnimalsLead the Way!
5%
EnchantingLet It Go!
5%
EnchantingLibrarian
5%
StatisticsLightning McPig
5%
EnchantingLike a Ninja
5%
AdventureLilypad Hatter
5%
AdventureLittle Sniffs
5%
AnimalsLlama Festival
5%
AnimalsLlama Llama Duck King
5%
NetherLodes of Applications
5%
BuildingLost its bark
5%
AnimalsLoud and Proud
5%
MiningLucky Break
5%
BuildingMangrove Master
5%
PotionsMarine Marauder
5%
AnimalsMary Had a Little Lamb...
5%
FarmingMeat Lovers
5%
FarmingMega Mushroom
5%
RedstoneMetal Plate
5%
MiningMineral Collection
5%
StatisticsMob Hunter
5%
RedstoneMoving Moving Storage
5%
FarmingMushroom, mushroom!
5%
AnimalsMushroom Scientist
5%
AdventureMusic To My Ears
5%
WeaponryMy Eyes!
5%
FarmingNaturally Carved
5%
StatisticsNatural Sprinter
5%
EnchantingNeedle Sharp
5%
AnimalsNest, Quick!
5%
MonstersNight Runner
5%
BuildingNo Banner, only Color!
5%
BuildingNo Chain, No Gain
5%
The EndNo! Don't let me leave, Murph!
5%
BiomesNo Reefing!
5%
RedstoneNoteworthy
5%
NetherNot Quite 'Nine' Lives
5%
MonstersNot Today, Thank You
5%
StatisticsNovice Enchanter
5%
MiningObsidian Miner
5%
WeaponryOl' Betsy
5%
StatisticsOm Nom Nom
5%
FarmingOne-course meal
5%
BiomesOne with the forest
5%
MonstersOoh, Baby!
5%
EnchantingOverkill
5%
EnchantingOver-Overkill
5%
MiningParticle Fan
5%
BuildingPathways
5%
StatisticsPig Training
5%
AnimalsPoacher
5%
WeaponryPoint Blank
5%
MonstersPoisonous Ew
5%
AnimalsPork Chop
5%
The EndPortable Storage
5%
WeaponryPoseidon vs Hades
5%
BuildingPot Planter
5%
BuildingPrepare to Meet Your Loom!
5%
RedstonePressure Detector
5%
BiomesPretty in Pink
5%
AdventurePrime Specimen
5%
AdventureProfessional
5%
FarmingPumpa Kungen
5%
AnimalsPuppies! Yipe!
5%
The EndPurpurfect
5%
RedstoneQuartz Miner
5%
RedstoneQuirky Quartz
5%
AdventureRaiders of the Lost Trim
5%
BuildingRainbow Dreams
5%
BuildingRainbow Sand
5%
BuildingRaise the flag!
5%
AdventureRare Candy Shop
5%
The EndRemote Getaway
5%
AdventureRetro Future Knight
5%
NetherRoadhog
5%
BuildingRock Collection
5%
BuildingRock Polish
5%
AnimalsSave the Turtles!
5%
FarmingScientific Inaccuracy
5%
StatisticsScourge of the West
5%
EnchantingScuba Gear
5%
AnimalsScuttler
5%
AdventureSecret of the Igloo
5%
AdventureShady Deals
5%
BuildingSharpening Station
5%
AnimalsSheariously?
5%
WeaponryShield Luck
5%
The EndShouldn't my shield levitate too?
5%
WeaponryShovel Knight
5%
BuildingShroom Lightyear
5%
The EndShulker Breaker
5%
BuildingSign Off
5%
BiomesSimba
5%
WeaponrySir Knight
5%
BiomesSleep with the Fishes
5%
AdventureSlenderman
5%
MonstersSlime Squisher
5%
AdventureSmithing With Style
5%
MiningSneak 100
5%
StatisticsSnout 500
5%
AnimalsSnow Fox 64
5%
The EndSome Breakthrough
5%
AnimalsSomeone's been here before...
5%
The EndSomewhere Over the Rainbow...
5%
NetherSoul Runnings!
5%
FarmingSouperman
5%
MiningSpelunker
5%
MonstersSpider-skeleton
5%
FarmingSpikey!
5%
MonstersSpooky Skeleton
5%
MonstersSpooky Skulls
5%
FarmingSquid Game
5%
AdventureStar Trader
5%
PotionsStayin' Frosty
5%
NetherStepping on Legos
5%
MonstersStill Talking
5%
BuildingStuck in the Mud
5%
NetherSubspace Bubble
5%
AdventureSuperhero of the Village
5%
AnimalsSushi
5%
FarmingSuspicious Looking Stew
5%
AnimalsTactical Fishing
5%
StatisticsTaking It In Stride
5%
PotionsTank
5%
RedstoneTarget Practise
5%
MonstersTele-morph
5%
BiomesTen Thousand Blocks
5%
AnimalsThanks a lotl
5%
BuildingThe Acacia King
5%
WeaponryThe Aquatic Hunter
5%
MonstersThe ender of ender
5%
BuildingThe Glazed Terracotta Army
5%
BiomesThe Great Blocky Reef
5%
PotionsThe Invisible Player
5%
FarmingThe melon! The melon! The melon!
5%
NetherThe Nether's Shield
5%
The EndThe Next Generation
5%
MonstersThe Phantom Menace
5%
RedstoneThe Power of Books
5%
BuildingThe Rainbow You Always Wanted
5%
BiomesThere's a zombie on the lawn!
5%
WeaponryThere's yolk on my head
5%
BuildingThe Terracotta Army
5%
BuildingThe Walls
5%
MiningThe way to spawn
5%
NetherThis Boat Has Legs
5%
MiningThis Dirt is Dirtier
5%
StatisticsThis Ride Is Lit, Yo!
5%
AnimalsTickle Time!
5%
EnchantingTo Infinity And Beyond!
5%
BiomesTop of the World
5%
AdventureTown Planner
5%
BuildingTranslucence
5%
AdventureTraveller
5%
AnimalsTreasure Hunter
5%
MonstersTridented Shield
5%
FarmingTrimming the treetops
5%
AnimalsTrue Cow Tipper
5%
NetherTwisted
5%
EnchantingUnbreakable
5%
EnchantingUndead Slayer
5%
NetherUneasy Alliance
5%
EnchantingVery Very Frightening
5%
AdventureVexingly Hard to Find
5%
AdventureWar Is Coming
5%
BiomesWarm Feet
5%
BuildingWashing Machine
5%
NetherWe Got a Live One!
5%
AdventureWe're being attacked!
5%
BiomesWet Feet
5%
NetherWhat about Corruption Planks?
5%
AnimalsWhat a piece of junk!
5%
AnimalsWhat Does The Fox Say?
5%
AnimalsWhatever Floats Your Goat!
5%
MiningWhat's the time, Mr Wolf?
5%
NetherWhen Hoglins Breed
5%
NetherWhen Piglins Fly
5%
WeaponryWhen Pigs Finally Fly
5%
AnimalsWhen the Squad Hops into Town
5%
NetherWho is Cutting Onions?
5%
StatisticsWho needs cars?
5%
AnimalsWinnie the Pooh
5%
AdventureWitchcraft
5%
AdventureWololo
5%
AnimalsWooly!
5%
BuildingWriter's Block
5%
WeaponryX-Bow
5%
FarmingYay! Deadbush!
5%
BuildingYay! I got my wood!
5%
AdventureYou are the Pillager
5%
AdventureYou've Got a Friend in Me
5%
StatisticsYum Yum Yummo
5%
BuildingAaaaaand... OPEN!
0%
AnimalsA Horse in Shining Armor
0%
BiomesAhoy!
0%
AdventureAll chained up
0%
FarmingA Mangrove Grove
0%
FarmingAn amazing story!
0%
NetherAnchorman
0%
AdventureAnd make it double!
0%
MonstersAnti-Air
0%
The EndAnti-Gravity Generator
0%
FarmingAquatic Biofuel
0%
AnimalsAre we there yet?
0%
EnchantingArmor for the massess
0%
BuildingArt Gallery
0%
AnimalsArtificial Selection
0%
WeaponryArtillery
0%
MiningA Shiny Treat
0%
WeaponryA snowball's chance in hell
0%
PotionsA Weak Brew
0%
BiomesBarbearian
0%
NetherBasis of Brewing
0%
MonstersBasketblock Championship
0%
NetherBeacon Overlord
0%
AnimalsBee Our Guest
0%
FarmingBerry Nice!
0%
StatisticsBig Spender
0%
AnimalsBirdkeeper
0%
MiningBlackout
0%
AnimalsBlistering Barnacles!
0%
StatisticsBloodthirsty
0%
StatisticsBoing, Boing
0%
EnchantingBoomerang
0%
NetherBring Home the Beacon
0%
BuildingBubble, Bubble, Toil and Trouble!
0%
MiningBudget Channeling
0%
AdventureBudget Vex
0%
AnimalsBunny Lover
0%
NetherBurnt Right Into Your Soul
0%
MonstersCamouflage
0%
FarmingCastaway
0%
AnimalsCephalight
0%
AnimalsChatterbox
0%
AnimalsChicken Cooper
0%
AnimalsColorful Cavalry
0%
BuildingColors of the Wind
0%
FarmingCome to the countryside!
0%
BiomesConstruction Worker
0%
MonstersControlled Detonation
0%
AdventureCoordinated Flair
0%
MonstersCreepy Heads!
0%
EnchantingCurses!
0%
NetherDecaying Beauty
0%
BuildingDeepslate Conspiracy
0%
BuildingDelicious, Hot Schmoes!
0%
AnimalsDesert Rider
0%
AdventureDiagon Allay
0%
FarmingDisen Berry Berry Bad!
0%
BiomesDolphin Dasher
0%
AdventureDo You Want to Trade?
0%
AdventureDry Spell
0%
RedstoneElectric Rails
0%
AdventureEvelyn Evergreen
0%
WeaponryExplosive Fire
0%
PotionsFailed Concoctions
0%
AnimalsFashion Statement
0%
BuildingFestival of Lights
0%
NetherFire Blast Shield
0%
AdventureFlorist
0%
BiomesFlower Power
0%
BuildingFluorescent!
0%
AnimalsFoal Play
0%
FarmingFoliage
0%
AnimalsFollow the Leader
0%
EnchantingFortunate Son
0%
BiomesFree Diver
0%
AnimalsFrog Family
0%
MonstersFrosty
0%
RedstoneFuel Engine
0%
NetherGet a Lode Of This!
0%
The EndGetting Chorus
0%
AnimalsGetting Into a Stew
0%
AdventureGhostbuster
0%
MiningG.I. Geode
0%
AnimalsGlow and Behold
0%
NetherGlows in the Dark
0%
NetherGlowstone Miner
0%
AnimalsGoat out of here!
0%
AnimalsGoing Down the Rabbit Hole
0%
MiningGood For Your Bones
0%
AdventureGood-Lookin' Treasure
0%
AnimalsGrinding Nemo
0%
AdventureGuardian Destroyer
0%
EnchantingHandmade Blinding
0%
BuildingHanging Around
0%
AdventureHeeere's Johnny
0%
NetherHell Botanist
0%
NetherHell's Bells
0%
AnimalsHive Mind
0%
AnimalsHorse Armorer
0%
StatisticsHorse Training
0%
NetherHot Reels!
0%
AnimalsHump Day
0%
AdventureI am Ravager, hear me ROAR!
0%
AnimalsIceologer Should've Won
0%
AdventureIf only cats grew into kittens
0%
MonstersIf you can’t see me, I can’t see you
0%
StatisticsI Like Trains
0%
FarmingI'm gonna be sick!
0%
AnimalsIn a hole there lived a Rabbit...
0%
BiomesIn a Pickle
0%
AdventureIt's so beast-like!
0%
FarmingIt's where Nutella comes from
0%
NetherJenga
0%
StatisticsJourneyman Enchanter
0%
AdventureJurassic Sniff
0%
BiomesJust Keep Swimming
0%
FarmingKelp me!
0%
BiomesKung Fu Panda!
0%
StatisticsLaps in the pool
0%
AnimalsLeader of the Pack
0%
MiningLeaflet Drop
0%
NetherLegend of Hell Chicken Riders
0%
MiningLichen Subscribe
0%
AdventureLife… uhh… finds a way
0%
BiomesLight as a Rabbit
0%
NetherLimbo Walker
0%
BiomesLion Hunter
0%
AnimalsLive and Let Dye
0%
BuildingLiving Dummy
0%
StatisticsLoot 'Em!
0%
AnimalsLucky Charm
0%
NetherLudicrous Speed!
0%
StatisticsLuxury Cruise
0%
EnchantingMachine Bow
0%
EnchantingMagical Stockpile
0%
NetherMagma Cube Squisher
0%
BuildingMannequin
0%
AdventureMapmaker
0%
AdventureMapmaker's Table
0%
AdventureMap Room
0%
AnimalsMaster Angler
0%
AdventureMaster Trader
0%
MonstersMaximum Resistance
0%
FarmingMe Love Cookie
0%
MonstersMelting
0%
AnimalsMilk does your body good
0%
AnimalsMilkshroom
0%
StatisticsMinecart Rider
0%
RedstoneMobile Explosion
0%
AdventureMold Maker
0%
MonstersMollusc Man
0%
RedstoneMonstrous Music
0%
AdventureMonumental
0%
BiomesMoskstraumen
0%
AdventureMURDERER!
0%
FarmingNatural Fertiliser
0%
NetherNether Rock Collection
0%
PotionsNocturnal
0%
AdventureNow You're Thinking With Portals
0%
PotionsNoxious Fumes
0%
AdventureNyan Sheep
0%
The EndOff With His Head!
0%
AdventureOh look, it dings!
0%
StatisticsOlympic Athlete
0%
StatisticsOlympic Gold Medallist
0%
BuildingOne Pickle, Two Pickle, Sea Pickle, Four
0%
StatisticsOut for a stroll
0%
AdventureOut of Posts
0%
PotionsPerformance-Enhancing Drugs
0%
MonstersPhantom Slayer
0%
EnchantingPick Like Silk
0%
NetherPiglin Peril
0%
AnimalsPig Slaughterer
0%
StatisticsPirate Captain
0%
AdventurePlanting the Past
0%
NetherPolar Opposites
0%
MonstersPoultry Boy
0%
BiomesPowder-full
0%
WeaponryPyrotechnic
0%
NetherQuicksand
0%
AnimalsRabbit Season
0%
RedstoneRailwayman
0%
AnimalsRam
0%
AdventureRebuilding the Oceans
0%
AdventureRedemption Arc
0%
AdventureRekt!
0%
AdventureRespecting the Remnants
0%
MiningRest in Pickaxes
0%
MonstersRicochet Swoop
0%
AdventureRiot Shield
0%
StatisticsSailor of the Seven Seas
0%
AnimalsSalmonella Poisoning
0%
AnimalsScreaming Milk
0%
NetherSeeing Stars
0%
BuildingSetting up the mood
0%
BuildingShelf Expression
0%
StatisticsSheriff Firearm
0%
AnimalsShoe Shed
0%
EnchantingShotbow
0%
EnchantingSilent But Deadly
0%
The EndSky High
0%
WeaponrySnowball Fight
0%
AnimalsSo Good
0%
AnimalsSo Hungry I Could Eat a Horse!
0%
AnimalsSo I got that going for me
0%
RedstoneSolar Power
0%
AdventureSound the Alarm!
0%
RedstoneSpace Dropper
0%
RedstoneSpace Hopper
0%
AdventureSpear Fishing
0%
BiomesSpike Ice!
0%
AdventureSponge Miner
0%
StatisticsSpring in your step
0%
BuildingStationary Storage
0%
AnimalsStay Calmer
0%
PotionsStealth Takedown
0%
FarmingSugar, Sugar
0%
EnchantingSuper Efficient
0%
AnimalsSuper Mooshroom
0%
StatisticsSupersonic
0%
PotionsSuper Strength
0%
AnimalsSwine Sailing
0%
StatisticsTake to the Skies
0%
RedstoneTarget Acquired
0%
BiomesTarzan
0%
MonstersTermite Control
0%
WeaponryThat is so fletch!
0%
RedstoneThe Block of Eternal Screaming
0%
AnimalsThe Cutest Predator
0%
FarmingThe garbage will do!
0%
MonstersThe Ghastly Eyes
0%
AnimalsThe Healing Power of Friendship
0%
AnimalsThe High Road
0%
FarmingThe Meloncholy Dane
0%
WeaponryThe Mighty Hunter
0%
BiomesThe Mighty Jungle
0%
AdventureThe one and true Johnny
0%
StatisticsThe Parrots and the Bats
0%
FarmingThe Pie
0%
BuildingThe Ritual Begins
0%
AdventureThe Shielding
0%
AdventureThe Sound of Silence
0%
The EndThe Start of Something
0%
NetherThe Struggle Nether Ends
0%
NetherThe Tribal Snouts
0%
AdventureThe Tribal Villagers
0%
AnimalsThey're breeding like rabbits!
0%
BiomesThick Ice!
0%
BiomesThin Ice!
0%
NetherThis One's Mine!
0%
BiomesThis Snow is Snowier
0%
NetherTime to Fire Back
0%
NetherTime to Upgrade!
0%
AdventureTomb Raider
0%
AdventureTravelling Merchant
0%
AdventureTreasure Map
0%
MonstersTrick or Treat!
0%
RedstoneTripping Over
0%
RedstoneTroll Chest
0%
AnimalsTropical Collection
0%
PotionsTrue Feather Falling
0%
AdventureTruffle Worm
0%
AnimalsTurtle Army
0%
AnimalsTurtle Soldier
0%
The EndUh, Houston? We have a problem
0%
Super ChallengesUltimate Enchanter
0%
FarmingUndersea Gardener
0%
FarmingUnmasked
0%
AdventureVillage Settler
0%
BiomesVoyage
0%
NetherWelcome to Warp Zone!
0%
MonstersWe'll handle this
0%
NetherWhat a Fungi!
0%
AnimalsWhen Pigs Used to Fly
0%
AnimalsWhich came first?
0%
StatisticsWho Needs Boats?
0%
WeaponryWho ya gonna call?
0%
FarmingWrite your thoughts
0%
AnimalsYa like jazz?
0%
AnimalsYou Lead, I'll Follow
0%
AdventureYour Daily Fix
0%
EnchantingZeus
0%
MonstersZombie Slayer
0%
BiomesZoologist
0%
NetherZork Chops
0%

Score Distribution

Percentile by Number Answered

Percent of People with Each Score

Your Score History

You have not taken this quiz